| 000 | 00453nam a2200157Ia 4500 | ||
|---|---|---|---|
| 008 | 220204s9999 xx 000 0 und d | ||
| 082 |
_a519.233.5 _bGRA |
||
| 100 | _aGraybill, F A | ||
| 245 | 0 | _aREgression analysis : Concepts and applications | |
| 260 |
_aBelmont _bDuxbury Press _c1994 |
||
| 650 | _aMultiple linear regression | ||
| 650 | _aNonlinear regression | ||
| 650 | _aStraight line regression | ||
| 700 | _aIyer, Hariharan K | ||
| 942 | _cBK | ||
| 999 |
_c40977 _d40977 |
||